Statistics for Flag manipulation

Click here to take the quiz!

General Stats

  • This quiz has been taken 1,697 times
    (1,295 since last reset)
  • The average score is 9 of 12

Answer Stats

Description of manipulationCountry% Correct
Add a tree to the flag of AustriaLebanon
91%
Rotate the flag of Peru 90 degrees clockwiseAustria
89%
Take the wheel off the flag of India and then rotate it 90 degrees clockwiseIreland
89%
Add 2 stars to the flag of YemenSyria
89%
Take away the stars on the flag of Venezuela,and enlarge the top barColombia
85%
Colour the feature in the centre of the flag of Morocco yellowVietnam
76%
Take off the coat of arms of the flag of MoldovaRomania, Chad
75%
Take off the cross of Malta's flag and then turn it 90 degrees clockwise,Poland
71%
Take the top half of the flag of Thailand and turn it 90 degrees clockwiseFrance
60%
Add a green star to the flag of MaliSenegal
58%
Take off the diamonds of the flag of St vincent and the Grenadines, and then turn it 90 degrees anti-clockwiseGabon
39%
If a magical operation turns the flag of Nigeria into that of Peru, which flag do you end up with if you apply that operation to Burkina Faso?Vietnam
30%

Score Distribution

Percentile by Number Answered

Percent of People with Each Score

Your Score History

You have not taken this quiz since the last reset